000 00557nam a2200217 a 4500
001 0001-2058
003 ELIB.Books
008 190718 2010 eng
020 _aKBTS
092 _a783
_bCol
100 _aColouhoun, Frank.
245 _aHymns That Live
_bTheir Meaning & Message
260 _aDowners Grove
_bInter Varsity Press
_c1981
300 _a320
_c21 Cm
650 _aHymns
856 _nKBTS Library
_uKBTS Elib
942 _2ddc
_cBK
990 _a1
998 _aEnglishbooks.elf
_ccat
_e2019-07-18
999 _c12058
_d12058